| 000 | 01366nam a2200325Ia 4500 | ||
|---|---|---|---|
| 001 | ebr10538597 | ||
| 003 | CaPaEBR | ||
| 006 | m u | ||
| 007 | cr cn||||||||| | ||
| 008 | 120320s2012 inua s 001 0 eng d | ||
| 010 | _z 2011945563 | ||
| 020 | _z9781118222720 | ||
| 020 | _z9781118083192 | ||
| 040 |
_aCaPaEBR _cCaPaEBR |
||
| 035 | _a(OCoLC)794260402 | ||
| 050 | 1 | 4 |
_aQA76.3 _b.G74 2012eb |
| 100 | 1 | _aGregg, Michael H. | |
| 245 | 1 | 0 |
_aCASP _h[electronic resource] : _bCompTIA Advanced Security Practitioner study guide (exam cas-001) / _cMichael Gregg, and Billy Haines. |
| 246 | 3 | _aCompTIA Advanced Security Practitioner study guide | |
| 260 |
_aIndianapolis, IN : _bWiley Pub., Inc., _c2012. |
||
| 300 |
_al, 500 p. : _bill. |
||
| 500 | _aIncludes index. | ||
| 533 |
_aElectronic reproduction. _bPalo Alto, Calif. : _cebrary, _d2011. _nAvailable via World Wide Web. _nAccess may be limited to ebrary affiliated libraries. |
||
| 650 | 0 |
_aElectronic data processing personnel _xCertification. |
|
| 650 | 0 |
_aComputer security _xExaminations _vStudy guides. |
|
| 650 | 0 |
_aComputer networks _xSecurity measures _xExaminations _vStudy guides. |
|
| 655 | 7 |
_aElectronic books. _2local |
|
| 710 | 2 | _aebrary, Inc. | |
| 856 | 4 | 0 |
_uhttp://site.ebrary.com/lib/rucke/Doc?id=10538597 _zAn electronic book accessible through the World Wide Web; click to view |
| 999 |
_c133870 _d133870 |
||